| Tag |
First Indicator |
Second Indicator |
Subfields |
| LEADER |
00000cam a2200000 a 4500 |
| 001 |
in00001682821 |
| 005 |
20151024140951.0 |
| 008 |
950424s1995 enka 001 0 eng |
| 015 |
|
|
|a GB95-19639
|
| 019 |
|
|
|a 31772399
|
| 020 |
|
|
|a 0803944322 (cased)
|
| 020 |
|
|
|a 0803944330 (pbk) :
|c £21.50
|
| 035 |
|
|
|a (OCoLC)ocm32465279
|
| 040 |
|
|
|a UKM
|c UKM
|d OCL
|d YPA
|d CKM
|d DAY
|d ZYF
|d WAU
|d UtOrBLW
|
| 043 |
|
|
|a n-us---
|
| 049 |
|
|
|a TXAM
|
| 082 |
0 |
4 |
|a 711.40973
|2 20
|
| 090 |
|
|
|a HT108
|b .U7 v.43
|
| 245 |
0 |
0 |
|a Building the public city :
|b the politics, governance and finance of public infrastructre /
|c edited by David C. Perry.
|
| 264 |
|
1 |
|a Thousand Oaks, Calif. ;
|a London :
|b Sage,
|c [1995]
|
| 264 |
|
4 |
|c ©1995
|
| 300 |
|
|
|a x, 250 pages :
|b illustrations ;
|c 22 cm.
|
| 336 |
|
|
|a text
|b txt
|2 rdacontent
|
| 337 |
|
|
|a unmediated
|b n
|2 rdamedia
|
| 338 |
|
|
|a volume
|b nc
|2 rdacarrier
|
| 490 |
1 |
|
|a Urban affairs annual review,
|x 0083-4688 ;
|v 43
|
| 504 |
|
|
|a Includes bibliographies and index.
|
| 505 |
0 |
|
|a Building the public city: an introduction / David C. Perry -- Politics and the engineering mind: O.H. Ammann and the hidden story of the George Washington Bridge / Jameson W. Doig -- Economic development and infrastructure: planning in the context of progressive politics / Robert Mier -- Conditions of confusion and conflict: rethinking the infrastructure-economic development linkage / Claire L. Felbinger -- Public infrastructure and special purpose governments: who pays and how? / James Leigland -- Public works and public dollars: federal infrastructure aid and local investment policy / Heywood T. Sanders -- Building the city through the back door: the politics of debt, law, and public infrastructure / David C. Perry.
|
| 650 |
|
0 |
|a Infrastructure (Economics)
|z United States.
|
| 650 |
|
0 |
|a Infrastructure (Economics)
|x Political aspects
|z United States.
|
| 653 |
0 |
|
|a Cities
|a Environment planning
|
| 653 |
0 |
|
|a United States
|
| 653 |
|
|
|a Infrastructure
|
| 653 |
|
|
|a City planning
|
| 653 |
|
|
|a Urban planning
|
| 700 |
1 |
|
|a Perry, David C.
|
| 830 |
|
0 |
|a Urban affairs annual reviews ;
|v v.43.
|
| 994 |
|
|
|a E0
|b TXA
|
| 948 |
|
|
|a cataloged
|b h
|c 2003/9/22
|d c
|e bwalker
|f 9:21:22 am
|
| 999 |
|
|
|a MARS
|
| 999 |
f |
f |
|s 37fbd9b3-a890-3cf4-ba07-6d40c7f82712
|i 9e416b3b-2947-3820-8120-854f6d89bef4
|t 0
|
| 952 |
f |
f |
|p ric
|a Texas A&M University
|b Rellis Campus
|c Joint Library Facility
|d Remote Storage
|t 0
|e HT108 .U7 v.43
|h Library of Congress classification
|i unmediated -- volume
|m A14830543417
|
| 998 |
f |
f |
|a HT108 .U7 v.43
|t 0
|l Remote Storage
|